Search the Library Catalogue
| 000 -LEADER | |
|---|---|
| fixed length control field | 00606nam a2200193Ia 4500 |
| 008 - FIXED-LENGTH DATA ELEMENTS--GENERAL INFORMATION | |
| fixed length control field | 210417s9999 xx 000 0 und d |
| 020 ## - INTERNATIONAL STANDARD BOOK NUMBER | |
| International Standard Book Number | 9780750685153 |
| -- | 750685158 |
| 082 ## - DEWEY DECIMAL CLASSIFICATION NUMBER | |
| Classification number | 658.40402466 MEL |
| Item number | 2.658.40402466MEL |
| 245 #0 - TITLE STATEMENT | |
| Title | Managing project delivery: maintaining control and achieving success |
| Statement of responsibility, etc. | Managing project delivery maintaining control and achieving success |
| 250 ## - EDITION STATEMENT | |
| Remainder of edition statement | "xvii, 293 p. : ill. 25 cm. ; pbk." |
| 260 ## - PUBLICATION, DISTRIBUTION, ETC. | |
| Place of publication, distribution, etc. | Amsterdam |
| Name of publisher, distributor, etc. | Elsevier |
| Date of publication, distribution, etc. | 2009 |
| 700 ## - ADDED ENTRY--PERSONAL NAME | |
| Personal name | "Melton,Trish" |
| Numeration | "Trish Melton, Peter Iles-smith" |
No items available.